Music Quiz

Random Music or Lyrics Quiz

Complete the Death Lyrics Quiz Stats

 Plays Quiz not verified by Sporcle

Score 0/15 Timer 10:00
0 Plays Today
Given Finish % Correct
There is no hope why don't you...Pull the plug!
69.2%
The PhilosopherYou know so much about nothing at all
65.4%
It will take you in it will spit you out...Behold the flesh and the power it holds
57.7%
Drink from the Goblet...The Goblet of Gore!
50%
Privacy and Intamacy...As we know it will be a memory
42.3%
What went wrong to their pciture perfect life?They once knew flattening of emotions
34.6%
Conjuring power it opens wide...On your seventh day
34.6%
What pain will it take?To satisfy your sick appetite
34.6%
Given Finish % Correct
Living monstrosity freak for life they'll always be...Never knowing love or hate only pain the drug creates
30.8%
I close my eyes and sink within myself relive the gift of precious memories...In need of a fix called innocence
26.9%
An excuse to cover...Up weaknesses that lie within
15.4%
Close your eyes and imagine to be without...What we take for granted every time we open our eyes
11.5%
No more tomorrow, this is your last day...On this **** Earth!
11.5%
Drifting in dimensions...Of addictive obsession
3.8%
Trapped inside...A life that's not yours
3.8%

You're not logged in!

Compare scores with friends on all Sporcle quizzes.
OR
Log In

Show Comments

Extras

Top Quizzes Today


Score Distribution

Your Account Isn't Verified!

In order to create a playlist on Sporcle, you need to verify the email address you used during registration. Go to your Sporcle Settings to finish the process.

Report this User

Report this user for behavior that violates our Community Guidelines.

Details: